| 000 | 01002nam0a22002651 4500 | ||
|---|---|---|---|
| 001 | rc\3012545 | ||
| 005 | 20250806201049.0 | ||
| 035 | _a(NLR Aleph) 007154988 | ||
| 090 |
_a5354 _c5354 |
||
| 100 | _a20110924d1945 u y0rusy50 ca | ||
| 101 | 0 | _arus | |
| 102 | _aRU | ||
| 105 | _ay z ||||| | ||
| 200 | 1 |
_aВ помощь киномеханику _e[Материалы по эксплоатации киноустановок] _fСвердлов. обл. упр. кинофикации |
|
| 210 |
_aСухой Лог _cСухолож. район. отд. кинофикации _d1945 |
||
| 215 |
_a15 с., включ. 1 с. обл. _d20 см |
||
| 300 | _aБез тит. л. | ||
| 712 | 0 | 1 |
_aСвердловская область _bУправление кинофикации _4570 |
| 801 | 0 |
_aRU _bNLR _gpsbo |
|
| 801 | 1 |
_aRU _bELAR _2rusmarc |
|
| 852 |
_aNLR _jТ76 Г-4/37 |
||
| 942 | _cBOOK | ||
| 945 | _aРоссийская национальная библиотека | ||
| 980 | _aNB | ||
| 980 | _aBV | ||